5HLuxD.jpg

KING HENRY VIII SENIOR AND PRIMARY SCHOOL LIBRARY OPAC

Cambridge IGCSE™ Malay as a Foreign Language Teacher's Guide. (Record no. 3034)

000 -LEADER
fixed length control field 01483nam a22002057a 4500
003 - CONTROL NUMBER IDENTIFIER
control field OSt
005 - DATE AND TIME OF LATEST TRANSACTION
control field 20230925152132.0
008 - FIXED-LENGTH DATA ELEMENTS--GENERAL INFORMATION
fixed length control field 230925b ||||| |||| 00| 0 eng d
020 ## - INTERNATIONAL STANDARD BOOK NUMBER
International Standard Book Number 9780008364489
040 ## - CATALOGING SOURCE
Transcribing agency KH8
082 ## - DEWEY DECIMAL CLASSIFICATION NUMBER
Classification number 499.288 CAM
130 ## - MAIN ENTRY--UNIFORM TITLE
Uniform title Cambridge IGCSE™ Malay as a Foreign Language Teacher's Guide
245 ## - TITLE STATEMENT
Title Cambridge IGCSE™ Malay as a Foreign Language Teacher's Guide.
260 ## - PUBLICATION, DISTRIBUTION, ETC.
Place of publication, distribution, etc. London ;
Name of publisher, distributor, etc. Collins,
Date of publication, distribution, etc. 2020.
300 ## - PHYSICAL DESCRIPTION
Extent 128 pages ;
Dimensions 8.27 x 0.28 x 11.69 inches.
520 ## - SUMMARY, ETC.
Summary, etc. To support the Student’s Book and Workbook, this full and comprehensive Teacher’s Guide provides step-by-step guidance on how to teach the course, with clear lesson plans and syllabus information. Following the topic-based unit structure of the Student’s book, it provides clear and concise notes for all units to support teachers in preparing, planning and managing lessons. Learning objectives and key language points are clearly listed at the start of each unit, and advice is offered throughout on how to introduce the Student’s Book activities to help students fully engage with the lesson. It offers suggestions on how to meet the needs of less confident students as well as students who need an extra level of challenge, and includes extra activities to consolidate learning. It also includes answers to exercises in the Student’s Book and Workbook.
650 ## - SUBJECT ADDED ENTRY--TOPICAL TERM
Topical term or geographic name entry element Malay language
Form subdivision Grammar
650 ## - SUBJECT ADDED ENTRY--TOPICAL TERM
Topical term or geographic name entry element Malay language
Form subdivision Foreign language
942 ## - ADDED ENTRY ELEMENTS (KOHA)
Source of classification or shelving scheme
Koha item type Teaching Resources
Holdings
Withdrawn status Lost status Source of classification or shelving scheme Damaged status Not for loan Collection code Permanent Location Current Location Shelving location Date acquired Total Checkouts Full call number Barcode Date due Date last seen Date last checked out Price effective from Koha item type
          Teaching Resources KH8 Senior School Library KH8 Senior School Library Staff Office 2023-09-25 4 499.288 CAM TRKHSL003306 2026-07-03 2025-12-08 2025-12-08 2023-09-25 Teaching Resources

Powered By KH8 IT Dept